00314 a2200133 450000100060000002000180000604000220002410000300004624000320007624500270010830000080013536200090014365000280015262607 a9788590391968 cAnchieta - Pituba aJacobina, Henrique Soares10aDiáhlogos com hagálpor10aDiáhlogos com hagá a2120 a2013 4aFenômenos paranormais